Jameses Who Changed the US Quiz Stats

Quiz Updated Sep 25, 2016

Challenge
Share
Tweet
Embed
Score 0/16 Timer 04:00
1 Play Today
% Correct
James Dean
92.6%
Jesse James
90.9%
Jimmy Carter
89.1%
James Madison
88.6%
James 'Bud' Walton
87.3%
James Monroe
82.5%
James A. Garfield
81.4%
James Naismith
78.2%
% Correct
James Cagney
78.2%
James Stewart
77.6%
James Buchanan
75.2%
James K. Polk
65.1%
Bill James
54%
Jimmy Doolittle
52.9%
James 'Bo' Gritz
50.6%
James Marshall
42.3%

You're not logged in!

Compare scores with friends on all Sporcle quizzes.
Join for Free
OR
Log In

You Might Also Like...

Show Comments

Extras

Top Quizzes Today


Score Distribution

Your Account Isn't Verified!

In order to create a playlist on Sporcle, you need to verify the email address you used during registration. Go to your Sporcle Settings to finish the process.

Report this User

Report this user for behavior that violates our Community Guidelines.

Details: